Sports Quiz

Random Sports or NFL Quiz

NFL Receiving Yards Leaders Since 1970 Quiz Stats

 Plays Quiz not verified by Sporcle

Score 0/44 Timer 05:00
0 Plays Today
Year/Team Answer % Correct
2012 LionsCalvin Johnson
99.3%
2011 LionsCalvin Johnson
99.3%
2009 TexansAndre Johnson
99.3%
2008 TexansAndre Johnson
99.3%
2006 BengalsChad Johnson
99.3%
1995 49ersJerry Rice
98.2%
1994 49ersJerry Rice
98.2%
1993 49ersJerry Rice
98.2%
1990 49ersJerry Rice
98.2%
1989 49ersJerry Rice
98.2%
1986 49ersJerry Rice
98.2%
2005 PanthersSteve Smith
97.8%
1987 CardinalsJT Smith
97.3%
2002 ColtsMarvin Harrison
96.9%
1999 ColtsMarvin Harrison
96.9%
2007 ColtsReggie Wayne
96.6%
2003 RamsTorry Holt
96.2%
2000 RamsTorry Holt
96.2%
1996 RamsIsaac Bruce
90.4%
2013 BrownsJosh Gordon
89.5%
1991 CowboysMichael Irvin
89.3%
2004 PanthersMuhsin Muhammad
83%
Year/Team Answer % Correct
1992 PackersSterling Sharpe
77.2%
1985 SeahawksSteve Largent
76.7%
1979 SeahawksSteve Largent
76.7%
2001 CardinalsDavid Boston
69.8%
1998 PackersAntonio Freeman
67.1%
2010 BroncosBrandon Lloyd
60.6%
1973 EaglesHarold Carmichael
43.6%
1988 RamsHenry Ellard
41.6%
1997 CardinalsRob Moore
38.3%
1984 CardinalsRoy Green
37.4%
1980 ChargersJohn Jefferson
33.6%
1977 CowboysDrew Pearson
33.6%
1972 Eagles Harold Jackson
33.3%
1978 JetsWesley Walker
33.1%
1983 EaglesMike Quick
30.2%
1974 RaidersCliff Branch
28.4%
1971 ChiefsOtis Taylor
25.5%
1982 ChargersWes Chandler
21.9%
1970 49ersGene Washington
16.3%
1976 ColtsRoger Carr
12.5%
1981 FalconsAlfred Jenkins
11.9%
1975 OilersKen Burrough
11.2%

You're not logged in!

Compare scores with friends on all Sporcle quizzes.
OR
Log In

Show Comments

Extras

Created Mar 13, 2014ReportNominate
Tags:NFL Quiz, 1970s, leader, receiving, team, yard

Top Quizzes Today


Score Distribution

Your Account Isn't Verified!

In order to create a playlist on Sporcle, you need to verify the email address you used during registration. Go to your Sporcle Settings to finish the process.

Report this User

Report this user for behavior that violates our Community Guidelines.

Details: